000 00893nam a22002297a 4500
999 _c7180
_d7180
003 AR-CdUCM
008 190320b ||||| |||| 00| 0 spa d
040 _aMUNICIPALIDAD PROVINCIAL DEL CUSCO
_cBIBLIOTECA MUNICIPAL DEL CUSCO
082 _a335.411 /
_bB89
100 _aBujarin, Nicolas
_920241
245 _aEl materialismo histórico /
260 _aSantiago de Chile :
_bErcilla,
_c1935.
300 _a415 páginas ;
_c19 cm.
500 _aDonación familia Nieto.
505 _aContenido: Importancia práctica de las ciencias sociales -- La causa y el fin de las ciencias sociales -- Determinismo e indeterminismo (necesidad y libre albedrio) -- Materialismo dialectico -- La sociedad ...
650 _aMaterialismo histórico.
_94121
650 _aFilosofía
_9395
650 _aEquilibrio social
_920242
650 _aLucha de clases
_94818
942 _2ddc
_cLIBROS
945 _aafb